Nghiên cứu biến tính xơ dừa và ứng dụng làm vật liệu hấp thụ ion Cu2+ trong nước

Đã lưu trong:
Bibliografiske detaljer
Hovedforfatter: Nguyễn Đinh Long
Andre forfattere: Lê Tự Hải PGS. (hướng dẫn)
Format: Bog
Sprog:Vietnamese
Udgivet: Đà Nẵng Trường Đại học Sư phạm 2012
Fag:
Tags: Tilføj Tag
Ingen Tags, Vær først til at tagge denne postø!
Thư viện lưu trữ: Mạng thư viện Đại học Đà Nẵng
LEADER 01439nam a2200337 4500
001 000017502
003 13920
005 20130423090448.0
008 130423s2012 viesd
041 |a vie 
082 1 4 |a 677.18  |b NG-L 
100 1 |a Nguyễn Đinh Long 
245 1 0 |a Nghiên cứu biến tính xơ dừa và ứng dụng làm vật liệu hấp thụ ion Cu2+ trong nước  |c Nguyễn Đinh Long ; Hướng dẫn Lê Tự Hải  |k Báo cáo khoa học 
260 |a Đà Nẵng  |b Trường Đại học Sư phạm  |c 2012 
300 |a 24 tr.  |b ảnh m.họa  |c 30 cm. 
500 |a Công trình tham gia hội nghị sinh viên nghiên cứu khoa học Trường Đại học Sư phạm năm 2012. Khoa Hóa học 
650 0 4 |a biến tinh xơ dừa  |v Báo cáo khoa học  |x hấp thụ ion Cu2+  |z Đà Nẵng 
653 |a Nghiên cứu khoa học 
653 |a ứng dụng 
700 1 |a Lê Tự Hải  |c PGS.  |e hướng dẫn 
OWN |a LSP 
AVA |a UDN50  |b LSP  |d 677.18 NG-L  |e available  |t Error 5001 Not defined in file expand_doc_bib_avail.  |f 1  |g 0  |h N  |i 0  |k 1 
999 |a From the UDN01 
AVA |a UDN50  |b LSP  |d 677.18 NG-L  |e available  |t Error 5001 Not defined in file expand_doc_bib_avail.  |f 1  |g 0  |h N  |i 0  |k 1 
TYP |a Mixed Materials 
TYP |a Monograph 
TYP |a Printed language 
980 |a Mạng thư viện Đại học Đà Nẵng